HIMYM Lyrics: Marshall vs the Machines Quiz Stats

 Plays Quiz not verified by Sporcle

Challenge
Share
Tweet
Embed
Score 0/143 Timer 08:00
0 Plays Today
% Correct
the
99%
the
99%
the
99%
the
99%
the
99%
the
99%
the
99%
the
99%
the
99%
The
99%
The
99%
The
99%
Marshall
98%
Marshall
98%
machine:
98%
Marshall
98%
machine:
98%
versus
95%
versus
95%
a
83.2%
A
83.2%
a
83.2%
He
78.2%
he
78.2%
He
78.2%
He
78.2%
He
78.2%
He
78.2%
machines
76.2%
machines
76.2%
machines
76.2%
To
69.3%
to
69.3%
to
69.3%
to
69.3%
to
69.3%
to
69.3%
Of
55.4%
of
55.4%
of
55.4%
times
52.5%
times
52.5%
all
51.5%
all
51.5%
all
51.5%
that
50.5%
lost
50.5%
thought
49.5%
% Correct
thought
49.5%
his
47.5%
his
47.5%
his
47.5%
back
47.5%
his
47.5%
back
47.5%
beaten
46.5%
had
44.6%
man
42.6%
And
42.6%
tale
41.6%
who
41.6%
As
41.6%
as
41.6%
He'd
41.6%
cable
40.6%
cable
40.6%
With
39.6%
With
39.6%
with
39.6%
with
39.6%
then
39.6%
ye
38.6%
so
38.6%
again
38.6%
but
37.6%
ran
37.6%
Gather
36.6%
green
36.6%
too
36.6%
light
34.7%
round,
33.7%
hear
32.7%
in
32.7%
turnnnnnnnnnnnnnnnnnn.....ed
32.7%
tired
32.7%
children
31.7%
nothing
31.7%
feet
31.7%
was
31.7%
Yah!
30.7%
Yah!
30.7%
Yah!
30.7%
box's
30.7%
bite
30.7%
box's
30.7%
bite
30.7%
% Correct
hero
29.7%
might
29.7%
sing...
29.7%
dared
28.7%
race
28.7%
for
28.7%
friend
28.7%
life
28.7%
arm
28.7%
Getting
28.7%
brought
27.7%
jukebox
27.7%
sweet
26.7%
Christine
26.7%
Christine!)
26.7%
alarm
26.7%
mighty
26.7%
Our
25.7%
sting
25.7%
(Hey,
24.8%
over
23.8%
vanquished
23.8%
Move
23.8%
along!
23.8%
Move
23.8%
along!
23.8%
passed
22.8%
fast
22.8%
Just
22.8%
stapler's
22.8%
triumphed
21.8%
fading
19.8%
fearsome
19.8%
He's
18.8%
hair
17.8%
auburn
17.8%
Fonzarelli
17.8%
strength
17.8%
beauty
16.8%
dressed
15.8%
hero's
15.8%
jeans
14.9%
fighting
13.9%
Pitfall
13.9%
America
12.9%
Doom-ba-da-dee-dee-dee-dee-fleegeedoo-flim-flam-doo-da-deegedeedoo
11.9%
Hah!
7.9%

You're not logged in!

Compare scores with friends on all Sporcle quizzes.
Join for Free
OR
Log In

You Might Also Like...

Show Comments

Extras

Top Quizzes Today


Score Distribution

Your Account Isn't Verified!

In order to create a playlist on Sporcle, you need to verify the email address you used during registration. Go to your Sporcle Settings to finish the process.

Report this User

Report this user for behavior that violates our Community Guidelines.

Details: